000
00333nam a22001457a 4500
008
230719b ||||| |||| 00| 0 eng d
020
_a
9780198547811
041
_a
eng
080
_a
616.073
082
_a
616.073OSA
100
_a
12
101
_a
GJENETIK
245
_a
EVOLUTION OF THE GENETIC CODE
_c
OSAWA .S
942
_2
udc
_c
BK
999
_c
60173
_d
60173